000 00236nam a2200097Ia 4500
008 231212s2000 xx 000 0 und d
041 _aeng
100 _aSedha R.S.
245 _aApplied Electronics
260 _aNew Delhi
_bJohn Wily
_c2000
999 _c966902
_d966902